Ingeniería sanitaria ante situación de catástrofe
Сохранить в:
| Главный автор: | |
|---|---|
| Формат: | |
| Язык: | испанский |
| Опубликовано: |
Santiago
APR
1977
|
| Серии: | Tema, 7
|
| Предметы: | |
| Метки: |
Добавить метку
Нет меток, Требуется 1-ая метка записи!
|
MARC
| LEADER | 00000nam a2200000 a 4500 | ||
|---|---|---|---|
| 001 | UCV7001 | ||
| 003 | CL-VaPUC | ||
| 008 | 901107e19770000CL |||||||||||||||||spa|d | ||
| 082 | 0 | 4 | |a 628 |b LAZ |2 21 |
| 100 | 0 | |a Lazo, Héctor |e author |9 300980 | |
| 245 | 1 | 0 | |a Ingeniería sanitaria ante situación de catástrofe |
| 300 | |a 110 h | ||
| 942 | |c BK | ||
| 945 | |d 19901107 00:00:00 | ||
| 260 | |a Santiago |b APR |c 1977 | ||
| 650 | 7 | |a INGENIERIA SANITARIA |2 CL-VaPUC |9 262866 | |
| 650 | 0 | |a Congresos |9 257560 | |
| 650 | 0 | |a Desastres |9 263945 | |
| 583 | |a last modification |c 20120517 11:14:04 |k Rodrigo Vera | ||
| 490 | 0 | |a Tema, 7 | |
| 999 | |c 212761 |d 212759 | ||
| 952 | |0 0 |1 0 |4 0 |6 628_000000000000000_LAZ_1977 |7 0 |8 A |9 194343 |a BIBING |b BIBING |d 2019-11-14 |i 2625415 |o 628 LAZ 1977 |p 2625415 |r 2023-03-02 |w 2019-11-14 |y BK |k EIQ | ||